Tuyển tập Nam Cao
Uloženo v:
| Hlavní autor: | |
|---|---|
| Médium: | Kniha |
| Tagy: |
Přidat tag
Žádné tagy, Buďte první, kdo otaguje tento záznam!
|
| Thư viện lưu trữ: | Mạng thư viện Đại học Đà Nẵng |
|---|
| LEADER | 00649nam a2200241 4500 | ||
|---|---|---|---|
| 001 | 000005543 | ||
| 003 | 1688 | ||
| 005 | 20150812140845.0 | ||
| 008 | 110817s sd | ||
| 041 | 0 | |a 39000đ | |
| 082 | 1 | |a 895.9223 |b NAM | |
| 100 | 0 | |a Nam Cao | |
| 245 | 0 | 0 | |a Tuyển tập Nam Cao |c Nam Cao |
| 774 | |a Nam Cao |d Văn học |d H. |d 1999 |g T.1 |h 479 tr. |w 1691 | ||
| 774 | |a Nam Cao |d Văn học |d H. |d 1999 |g T.2 |h 488 tr. |w 1692 | ||
| OWN | |a LSP | ||
| 999 | |a From the UDN01 | ||
| TYP | |a Monograph | ||
| TYP | |a Printed language | ||
| 980 | |a Mạng thư viện Đại học Đà Nẵng | ||